| 000 | 00894nam a22002295a 4500 | ||
|---|---|---|---|
| 003 | OSt | ||
| 005 | 20170220144148.0 | ||
| 008 | 170215s2016 ua frb 000 0 eng d | ||
| 040 |
_aEG-ScBUE _bara _cEG-ScBUE |
||
| 043 | _aa-qa--- | ||
| 082 | 0 | 4 |
_222 _a346.5363044 _bأ ب ا |
| 100 | 1 | _aأباصيري، فاروق. | |
| 245 | 1 | 0 |
_aأحكام الحقوق العينية الأصلية في القانون القطري / _cفاروق الأباصيري. |
| 260 |
_a[القاهرة] : _bدار النهضة العربية، _c2016. |
||
| 300 |
_a423 ص. ؛ _c24 سم. |
||
| 504 | _aيشتمل على إرجاعات ببليوجرافية. | ||
| 650 | 0 |
_2BUEsh _aالحقوق العينية التبعية _xقوانين وتشريعات _zقطر. |
|
| 650 | 0 |
_2BUEsh _aالملكية _xقوانين وتشريعات _zقطر. |
|
| 651 | _2BUEsh | ||
| 653 |
_bLLAAWW _cFebruary2017 |
||
| 942 | _2ddc | ||
| 999 |
_c24207 _d24179 |
||